Satiricón /

Guardado en:
Autor Principal: Petronio.
Otros Autores: Díaz y Díaz, Manuel; trad.
Formato: Libro
Idioma:Undetermined
Publicado: Madrid : Hyspamerica, 1984.
Edición:1a ed.
Series:Historia Universal de la Literatura ; 47
Materias:
Etiquetas: Agregar Etiqueta
Sin Etiquetas, Sea el primero en etiquetar este registro!
LEADER 00560nam a22001935a 4500
001 CEM.cems024466
008 250206s1984####sp############000#0#und#d
005 20251015153953.0
245 1 0 |a Satiricón /  |c Petronio. 
250 |a 1a ed. 
260 |a Madrid :  |b Hyspamerica,  |c 1984. 
300 |a 203 p. 
490 1 |a Historia Universal de la Literatura ;  |v 47 
020 |a 844996869 
100 1 |a Petronio. 
700 1 |a Díaz y Díaz, Manuel; trad. 
653 |a Literatura latina 
653 |a Sátira latina 
859 |a CEMS  |b BIB. CEMS - 11 de abril  |h 877  |i P448  |p 29729.24  |t Ej.1